000
00188nam a22000977a 4500
082
_a
823
_b
STI/H
100
_a
STINE, R L
245
_a
HEART OF HUNTER
650
_a
ENGLISH STORY
942
_c
BK
999
_c
7678
_d
7678